00432cam a22001572 4500001001100000005001700011008004100028040001500069100003200084245004100116250001300157260004600170300001100216651004400227852000300271000000974720151217155843.0081125s xx 000 0 eng d aKABUcKABU1 aKirkman, James.@000014873610aFort Jesus Mombasa /cJames Kirkman. a1st ed. aMombasa, Kenya :bMombasa Times,c[n. d.] a44 p. 0aFort Jesus, Mombasa (Kenya)@00001615141